000 00627nam a2200229 i 4500
001 C2-0297594
003 PPAK
005 20180728075809.0
008 090520s2005 ii |||| ||||| | tam d
040 _aPPAK
_beng
_cPPAK
_erda
082 0 4 _a894.8111
_223
090 0 0 _a894.8111
_bKUG
_dG
100 0 _aKugai Ma. Poogazhanthi,
_eauthor
245 1 0 _aPiriyangalin kuppaith thotti
264 1 _aChennai, India :
_bKumaran Pathipagam ,
_c2005
300 _a96 pages ;
_c22 cm
336 _2rdacontent
_atext
337 _2rdamedia
_aunmediated
338 _2rdacarrier
_avolume
650 1 0 _aTamil poetry.
942 _ddc
_cB
999 _c101964
_d101964